000 00314cam a22000977a 4500
008 180718b1960 xxu||||| |||| 00| 0 eng d
082 _aR603x5461 D378
245 _aDelhi shops & establishments act, 1954 and Delhi shops & establishments rules, 1954
260 _aNew Delhi
_bJain Book Agency
_c1960
300 _aiv, 64p
999 _c419673
_d419673